Datum a čas kvízu
31
Celkem bodů
Celkový počet nahraných bodů na tomto kvízu bez doplňovacích otázek.
4.
Pořadí na kvízu
Konečné umístění týmu na tomto kvízu.
Zaznamenané odpovědi
| # | Otázka | Odpověď | Body | Výsledky |
|---|---|---|---|---|
| 1. | Jak se jmenovala žena, jejíž s... | Olga Kočková | 1 | |
| 2. | Letadlo ruského ministra zahra... | v Brazílii | 1 | |
| 3. | V úterý jsme se dozvěděli, že... | Blade Runner | 0 | |
| 4. | V sobotu nastal tzv. mikroúpln... | sněžný | 1 | |
| 5. | Jeden teprve osmnáctiletý česk... | Jakub Menšík, Katar | 1 | |
| 6. | Součástí televizního programu... | Hodina pravdy | 0 | |
| 7. | Milovníkům AZ-kvízu či zábavný... | pěstební dělnice | 1 | |
| 8. | Napište název televizní soutěž... | Kufr | 1 | |
| 9. | V dnešní době je velmi populár... | jednou | 1 | |
| 10. | Kdo z uvedených nikdy nemodero... | D | 0 |